000 00971cam a2200241 a 4500
001 000015261
003 DO-SdBNP
005 20260219125621.0
008 820428s1966 sp 000 0 spa d
040 _aDO-SdBNP
_bspa
_cBNPHU
082 4 _a347.0946
_bP979c
_222
100 1 _aPuig Peña, Federico
_934526
245 1 0 _aCompendio de derecho civil español /
_cFederico Puig Peña.
260 _aBarcelona :
_bEdiciones Nauta,
_c1966.
300 _av. ;
_c24 cm.
500 _aLa biblioteca posee el v. 3
504 _aIncluye referencias bibliográficas y notas al pie de las páginas.
505 0 _gt. 1.
_tParte general --
_gt. 2.
_tDrechos reales --
_gt. 3. v. 2.
_tObligaciones y contratos --
_gt.4. v. 1.
_tFamilia y sucesiones --
_gt.4. v. 2.
_tFamilia y sucesiones.
650 7 _aDerecho civil
_zEspaña
_95702
_2LIBRUNAM
650 7 _aDerecho civil
_xHistoria
_zEspaña
_95702
_2LIBRUNAM
650 7 _aDerecho sucesorio
_zEspaña
_93573
_2LIBRUNAM
942 _2ddc
_cLBS1
999 _c14828
_d14828